Normal view
MARC view
- قضاء اداري -- مملكة البحرين
Entry Topical Term
001 - CONTROL NUMBER
- control field: 53067
003 - CONTROL NUMBER IDENTIFIER
- control field: JO-AjAnu
005 - DATE AND TIME OF LATEST TRANSACTION
- control field: 20230606082722.0
008 - FIXED-LENGTH DATA ELEMENTS
- fixed length control field: 230606|| aca||aabn | a|a d
040 ## - CATALOGING SOURCE
- Original cataloging agency: JO-AjAnu
- Transcribing agency: JO-AjAnu
150 ## - HEADING--TOPICAL TERM
- Topical term or geographic name entry element: قضاء اداري -- مملكة البحرين
670 ## - SOURCE DATA FOUND
- Source citation: Work cat.: (JO-AjAnu)27113: الدليمي ، محمد عبدالله حمود, author 53066, القضاء الإداري في مملكة البحرين